Advances in industrial crystallization /
Guardado en:
| Otros Autores: | , , , |
|---|---|
| Formato: | Libro |
| Idioma: | English |
| Publicado: |
Oxford :
Butterworth Heinemann,
1991.
|
| Materias: | |
| Etiquetas: |
Agregar Etiqueta
Sin Etiquetas, Sea el primero en etiquetar este registro!
|
| LEADER | 01087cam a2200277 a 4500 | ||
|---|---|---|---|
| 001 | EIQ.libpla002158 | ||
| 008 | 910327s1991####enka#####b####110#0#eng## | ||
| 005 | 20070425182932.0 | ||
| 245 | 0 | 0 | |a Advances in industrial crystallization / |c [edited by] J. Garside, R.J. Davey, A.G. Jones. |
| 260 | |a Oxford : |b Butterworth Heinemann, |c 1991. | ||
| 300 | |a ix, 244 p. : |b il. ; |c 26 cm. | ||
| 500 | |a Based on a meeting held to honor J.W. Mullin on his retirement from University College London, Sept. 1990. | ||
| 504 | |a Incluye referencias bibliográficas. | ||
| 020 | |a 0750611731 | ||
| 700 | 1 | |a Garside, J., |e ed. |4 edt | |
| 700 | 1 | |a Davey, R., |e ed. |4 edt | |
| 700 | 1 | |a Jones, A. G. |q (Alan G.), |e ed. |4 edt | |
| 700 | 1 | |a Mullin, J. W. |q (John William) | |
| 082 | 0 | 0 | |a 660/.284298 |2 20 |
| 650 | 4 | |a Cristalización |x Congresos. | |
| 650 | 4 | |a Cristalización |x Aplicaciones industriales. | |
| 650 | 4 | |a Crystallization |x Industrial applications | |
| 650 | 4 | |a Crystallization |x Congresses. | |
| 010 | |a 91003468 | ||
| 040 | |a DLC |c DLC |d AR-BbSID | ||
| 859 | |a AR-BbSID |b BIB. PLAPIQUI |h 660.284 298 |i Ad 95 |p 3996 | ||
